000 01013cab a22002055a 4500
001 E149699
008 100412e20100409xxk s000 0 eng d
035 _a(Sirsi) u149699
041 0 _aeng
110 2 _aScotland
_bScottish Government
_95344
245 0 0 _aImproving buildings standards
_h[electronic resource]
260 _c2010
490 _aScottish Government News Release
_v9 April 2010
520 _aThe Approved Certifier Registration Mark has been introduced by the Scottish Government as a badge of quality for building professionals. The Mark will be used by members of the various approved certification schemes operated by the Scottish Government, as a sign that they have appropriate competence and experience, and comply with building standards.
590 _aKA
651 4 _aScotland
_y1999-
690 _aBUILT ENVIRONMENT-BUILDING STANDARDS
856 4 0 _uhttps://www.scotland.gov.uk/News/Releases/2010/04/09121112
_zView the news release free of charge at www.scotland.gov.uk
942 _n0
999 _c82257
_d82257